Circulando por el círculo /

Guardado en:
Autor Principal: Fernández Reyes, Manuel
Otros Autores: Pandilla Díaz, Francisco, Santos Fernández, Arnuldo, Velázquez, Fidela
Formato: Libro
Publicado: Madrid : Síntesis, 1998
Materias:
Etiquetas: Agregar Etiqueta
Sin Etiquetas, Sea el primero en etiquetar este registro!
LEADER 01303nam a22002895a 4500
001 CEM.cems009879
005 20080704132753.0
008 130507s1998##################000#0#####d
003 CEMS
020 |a 847738083X 
082 0 4 |a 372.7 
100 1 |a Fernández Reyes, Manuel 
245 1 0 |a Circulando por el círculo /  |c Manuel Fernández Reyes ... [et Al.] 
260 |a Madrid :  |b Síntesis,  |c 1998 
300 |a 163 p. 
500 |a Red Federal de Formación Docente Continua 
505 0 |a De las definiciones básicas, algunas referencias históricas, ciertas curiosidades y otras consideraciones generales -- Dibujando y aprendiendo: del uso de la regla y el compás para consolidar conocimientos y adquirir otros -- Formalización de lo aprendido -- La circunferencia y el círculo en la Naturaleza y en las Artes -- Resolución de problemas -- Circulando por la historia -- El comentario de textos como recursos didáctico 
653 |a Matemáticas 
653 |a Círculo 
653 |a Geometría 
653 |a Historia de la matemática 
653 |a Historia de la geometría 
653 |a Matemática-didáctica 
700 1 |a Pandilla Díaz, Francisco 
700 1 |a Santos Fernández, Arnuldo 
700 1 |a Velázquez, Fidela 
859 |a CEMS  |b BIB. CEMS - 11 de abril  |h 372.7  |i F391  |p 20227.99  |t Ej.1